Adventures of the Greek heroes /

Bibliographic Details
Main Authors: McLean, Mollie, Wiseman, Anne, 1932- (Author)
Format: Book
Language:English
Published: Boston : Houghton Miflin, 1961.
Subjects:

MARC

Tag First Indicator Second Indicator Subfields
LEADER 00000cam a2200000 4500
001 in00001452012
005 20151021050521.0
008 750603s1961 mau 000 0 eng c
010 |a  61010628  
035 |a (OCoLC)01370263 
035 |9 AJD4043AM 
040 |a FXG  |c FXG  |d TXA  |d UtOrBLW 
049 |a TXAM 
050 0 0 |a PZ8.1.M2  |b Ad 
092 |a y292  |b M 
100 1 |a McLean, Mollie. 
245 1 0 |a Adventures of the Greek heroes /  |c [by] Mollie McLean & Anne Wiseman. Illustrated by Witold T. Mars. 
264 1 |a Boston :  |b Houghton Miflin,  |c 1961. 
300 |a 174 pages :  |b illustrations ;  |c 22 cm. 
336 |a text  |b txt  |2 rdacontent 
337 |a unmediated  |b n  |2 rdamedia 
338 |a volume  |b nc  |2 rdacarrier 
650 0 |a Mythology, Greek  |v Juvenile literature. 
700 1 |a Wiseman, Anne,  |d 1932-  |e author. 
999 |a MARS 
999 f f |s 58e75baf-6c4b-37e5-b6b7-74a7b24f992a  |i 06cddf70-61a1-3b03-9551-a9f03712db82  |t 0 
952 f f |p normal  |a Texas A&M University  |b College Station  |c Sterling C. Evans Library  |d Evans: Curriculum Collection (4th floor)  |t 0  |e PZ8.1.M2 Ad  |h Library of Congress classification  |i unmediated -- volume  |m A14822359626 
998 f f |a PZ8.1.M2 Ad  |t 0  |l Evans: Curriculum Collection (4th floor)